Disney Villain by Movie Quiz Stats

 Plays Quiz not verified by Sporcle

Score 0/25 Timer 05:00
0 Plays Today
Movie Villain % Correct
AladdinJafar
93.4%
Lion KingScar
90.9%
Peter PanCaptain Hook
89.3%
The Little MermaidUrsula
89%
Beauty and the BeastGaston
87.1%
HerculesHades
86.3%
Alice in WonderlandQueen of Hearts
84.9%
Sleeping BeautyMaleficent
80.5%
Snow White and the Seven DwarfsThe Evil Queen
72%
A Bugs LifeHopper
71.7%
CinderellaLady Tremaine
71.2%
Toy Story 3Lotso
70.9%
Jungle BookShere Khan
68.7%
Movie Villain % Correct
The IncrediblesSyndrome
67.3%
MulanShan Yu
66.5%
Monsters Inc.Randall
65.4%
Wall-EAuto
56%
The Black CauldronHorned King
55.5%
TangledMother Gothel
55.5%
101 DalmatiansCruella De Vil
52.5%
Princess and the FrogDr. Facilier
51.4%
Robin HoodPrince John
50.3%
PocahontasGovernor John Ratcliffe
48.1%
The Nightmare Before ChristmasOogie Boogie
42.6%
The RescuersMadame Medusa
39%

You're not logged in!

Compare scores with friends on all Sporcle quizzes.
OR
Log In

Show Comments

Extras

Created Nov 6, 2010ReportNominate
Tags:Disney Quiz, aladdin, villains

Top Quizzes Today


Score Distribution

Your Account Isn't Verified!

In order to create a playlist on Sporcle, you need to verify the email address you used during registration. Go to your Sporcle Settings to finish the process.

Report this User

Report this user for behavior that violates our Community Guidelines.

Details: